| 000 | 01247cam a22003617a 4500 | ||
|---|---|---|---|
| 003 | CHAP | ||
| 005 | 20220329135115.0 | ||
| 008 | 971013s1945 r 00010 d | ||
| 010 | _a31034 | ||
| 011 | _a32006 | ||
| 035 | _a36118 | ||
| 040 | _cCHAP | ||
| 082 |
_a332.7 _bL62 |
||
| 100 | 0 | 0 |
_aLobato López, Ernesto. _967381 |
| 245 | 1 | 3 |
_aEl crédito en México _b: esbozo histórico hasta 1925 |
| 260 |
_aMéxico : _bFondo de Cultura Económica, _c1945 |
||
| 300 | _a316 p. | ||
| 590 |
_aBATCH-UPD _b10 _c20130109 _lUCH01 _h2311 |
||
| 590 |
_aBATCH-UPD _b10 _c20130110 _lUCH01 _h0950 |
||
| 590 |
_aBATCH-UPD _b10 _c20130409 _lUCH01 _h1830 |
||
| 590 |
_aBATCH-UPD _b10 _c20130410 _lUCH01 _h0604 |
||
| 590 |
_aBATCH-UPD _b10 _c20130914 _lUCH01 _h0532 |
||
| 590 |
_aCONVERSION _b10 _c20130109 _lUCH01 _h1318 |
||
| 650 | 1 | 4 |
_aBancos y operaciones bancarias _zMéxico. _99926 |
| 650 | 1 | 4 |
_aCrédito _xMéxico. _929018 |
| 650 | 1 | 4 |
_aDeuda pública _zMéxico. _932224 |
| 901 | _aBK | ||
| 942 | _cLIBRO | ||
| 949 |
_a332.7 L62 _bBC _cLIBRO _d-83274 _eLIBRO _i36118 _si |
||
| 949 |
_a332.7 L62 _bBC _cLIBRO _d-83275 _eLIBRO _fc.2 _i36118 _si |
||
| 949 |
_a332.7 L62 _bBC _cLIBRO _d-83276 _eLIBRO _fc.3 _i36118 _si |
||
| 949 |
_a332.7 L62 _bBC _cLIBRO _d-83277 _eLIBRO _fc.4 _i36118 _si |
||
| 999 |
_c31034 _d31034 |
||